000 00392 a2200169 4500
001 68996
020 _a8576662515
040 _cAnchieta - Itaigara
100 _aVillela, Bia
240 1 0 _aEra uma vez um gato xadrez...
_lpor
245 1 0 _aEra uma vez um gato xadrez...
300 _a23
362 0 _a2005
440 1 _aEscala Educacional
650 4 _aLiteratura infantil
942 _cBK
999 _c68996
_d68996